Wszystkie powiaty Polski na literę "B" - Statystyki

Ogólne statystyki
  • Ten quiz został rozwiązany 30 razy
  • Średni wynik to 16 z 23
Statystyki odpowiedzi
Powiat % Poprawnych
bielski
96%
bielski
96%
białostocki
87%
brzeski
87%
brzeski
87%
bialski
83%
bytowski
83%
bolesławiecki
78%
bydgoski
78%
biłgorajski
74%
braniewski
74%
białobrzeski
70%
brzeziński
70%
bartoszycki
65%
bocheński
65%
będziński
61%
białogardzki
61%
brodnicki
61%
bełchatowski
52%
bieruńsko-lędziński
52%
brzozowski
52%
buski
52%
bieszczadzki
43%
Nie znaleziono quizów pasujących do podanych kryteriów
Rozkład punktacji
Procent ludzi z każdym wynikiem
Percentyl według liczby udzielonych odpowiedzi
Twoja historia wyników
Nie rozwiązałeś tego quizu